00296pab a2200121 454500008004000000100001600040245004800056260000900104300001000113362001100123650002900134773001100163180718b1991 xxu||||| |||| 00| 0 eng d aJoshi, G.V. aEnergy that is pollution free and renewable c1991 a29-30 a31 May aEnergy Resources - India aYojana